[Event "11th Gibraltar Masters"]
[Site "Caleta ENG"]
[Date "2013.01.26"]
[Round "5.68"]
[White "Dasaolu,R"]
[Black "Nazarenus,M"]
[Result "0-1"]
[WhiteElo "2115"]
[BlackElo "2248"]

1.c4 c6 2.Nf3 d5 3.Qc2 Nf6 4.d4 dxc4 5.Qxc4 b5 6.Qc2 Bb7 7.e4 a6 8.Bg5 Nbd7
9.Nbd2 h6 10.Bh4 g5 11.Bg3 e6 12.h4 g4 13.Ne5 c5 14.Nxd7 Nxd7 15.dxc5 Bxc5
16.Qc3 Qf6 17.Qxf6 Nxf6 18.Be5 Ke7 19.Be2 Bb4 20.f3 Rhd8 21.Bf4 gxf3 22.gxf3 Rac8
23.a3 Nh5 24.Bxh6 Bd6 25.Nf1 Rc2 26.Bg5+ f6 27.Bc1 Be5 28.Ne3 Rxe2+ 29.Kxe2 Ng3+  0-1

[Event "11th Gibraltar Masters"]
[Site "Caleta ENG"]
[Date "2013.01.26"]
[Round "5.49"]
[White "Dukaczewski,P"]
[Black "Uran Bermudez,Oliver Kevin"]
[Result "0-1"]
[WhiteElo "2268"]
[BlackElo "2113"]

1.c4 c6 2.e4 e5 3.Nc3 Nf6 4.Nf3 d6 5.d4 Nbd7 6.Be2 Be7 7.O-O O-O 8.Qc2 Qc7
9.b3 Re8 10.Bb2 a5 11.a3 Nf8 12.dxe5 dxe5 13.Na4 Ng6 14.c5 Bg4 15.h3 Bxf3
16.Bxf3 Rad8 17.Rfd1 Nf4 18.Kh2 Ne6 19.Qc3 Rxd1 20.Rxd1 Nd7 21.b4 axb4 22.axb4 b5
23.cxb6 Nxb6 24.Qb3 Nd4 25.Bxd4 exd4+ 26.g3 Nxa4 27.Qxa4 Qb6 28.e5 Rc8 29.Qa2 Qxb4
30.Bxc6 Qc5 31.Bd5 Kh8 32.Rd2 Rd8 33.Bxf7 Qxe5 34.Bc4 Bf6 35.Bd3 Qd5 36.Qc2 Re8
37.Qd1 g6 38.Rb2 Kg7 39.Rb5 Qc6 40.h4 Re5 41.Rb8 Bxh4 42.f4 Bxg3+ 43.Kxg3 Re3+
44.Kh2 Qc7 45.Rb2 Qxf4+ 46.Kh1 Qh4+ 47.Kg2 Rg3+  0-1

[Event "TCh-CAT Div Hon 2013"]
[Site "Catalonia ESP"]
[Date "2013.01.26"]
[Round "2.1"]
[White "Alonso Garcia,R"]
[Black "Alonso Rosell,A"]
[Result "0-1"]
[WhiteElo "2367"]
[BlackElo "2552"]

1.c4 c6 2.d4 d5 3.Nf3 Nf6 4.Nbd2 Bf5 5.Nh4 Be4 6.f3 Bg6 7.Qb3 Qc7 8.g3 e6
9.Bg2 c5 10.cxd5 exd5 11.Qc3 Be7 12.dxc5 Nc6 13.Nxg6 hxg6 14.Nb3 a5 15.Bd2 a4
16.Nd4 Nxd4 17.Qxd4 Rxh2 18.Rxh2 Qxg3+ 19.Kf1 Qxh2 20.f4 Nh5 21.Qe5 Ng3+  0-1

[Event "15th Nord-West Cup"]
[Site "Bad Zwischenahn GER"]
[Date "2013.01.27"]
[Round "7.9"]
[White "Hundack,R"]
[Black "Schuette,Mar"]
[Result "1-0"]
[WhiteElo "2196"]
[BlackElo "2218"]

1.c4 c6 2.d4 d5 3.Nf3 Nf6 4.Nc3 dxc4 5.a4 Bf5 6.e3 e6 7.Bxc4 Bb4 8.O-O O-O
9.Qe2 Nbd7 10.e4 Bg6 11.Bd3 Bh5 12.e5 Nd5 13.Nxd5 cxd5 14.Qe3 Qe7 15.Ng5 g6
16.f3 h6 17.Nh3 g5 18.f4 Bg6 19.fxg5 Nxe5 20.Qxe5 Bxd3 21.gxh6 f6 22.Qg3+  1-0

[Event "TCh-CZE Div1 Vychod 2012-13"]
[Site "Czech Republic CZE"]
[Date "2013.01.27"]
[Round "6.7"]
[White "Strasil,P"]
[Black "Skaroupka,J"]
[Result "1/2-1/2"]
[WhiteElo "2094"]
[BlackElo "2188"]

1.c4 c6 2.Nc3 d5 3.d4 Nf6 4.Nf3 dxc4 5.a4 Bf5 6.e3 e6 7.Bxc4 Bb4 8.O-O O-O
9.Nh4 Nbd7 10.Nxf5 exf5 11.Qb3 a5 12.Qc2 g6 13.b3 Nb6 14.Ba3 Bxa3 15.Rxa3 Qd6
16.Raa1 Rfe8 17.g3 Kg7 18.Rfe1 h5 19.h4 Re7 20.Be2 Nbd5 21.Nxd5 Nxd5 22.Bf3 Rae8
23.Bxd5 Qxd5 24.Qc4 Qd7 25.Qc3 Qd5 26.Qc4 Rd7 27.Qxd5 Rxd5 28.Rec1 Kf6 29.Rab1 Ke6
30.b4 Re7 31.Rc5 axb4 32.Rxd5 Kxd5 33.Rxb4 Ke4 34.Kg2 Rd7 35.a5 f6 36.Rb6 g5
37.a6 bxa6 38.Rxa6 f4 39.exf4 gxf4 40.Rxc6 fxg3 41.fxg3 Kf5 42.Rc5+ Kg6 43.Rc4 Rd5
44.Ra4 Rb5 45.d5 Kf5 46.d6 Rd5 47.Ra6 Kg4 48.Kf2 Rd1 49.Ke2 Rd5 50.Kf2 Rd1  1/2-1/2

[Event "Asian Zone 3.3"]
[Site "Tagaytay City PHI"]
[Date "2013.01.27"]
[Round "7.5"]
[White "Barcenilla,R"]
[Black "Dao Thien Hai"]
[Result "1/2-1/2"]
[WhiteElo "2483"]
[BlackElo "2531"]

1.c4 c6 2.d4 d5 3.cxd5 cxd5 4.Bf4 Nc6 5.Nc3 Nf6 6.Nf3 Bf5 7.Rc1 e6 8.Qb3 Bd6
9.Qxb7 O-O 10.Qxc6 Bxf4 11.e3 Bd6 12.Bb5 Rb8 13.Qa6 Qb6 14.Qxb6 Rxb6 15.O-O a6
16.Be2 Rxb2 17.Bxa6 Ba3 18.Nb1 Rxa2 19.Nxa3 Rxa3 20.Ra1 Rxa1 21.Rxa1 Rb8
22.Rc1 Rb1 23.Rxb1 Bxb1 24.Ne5 Kf8 25.Bd3 Bxd3 26.Nxd3 Ke7 27.Kf1 Nd7 28.Ke2 Kd6
29.f4 f6 30.Kf3 Nb6  1/2-1/2

[Event "11th Gibraltar Masters"]
[Site "Caleta ENG"]
[Date "2013.01.28"]
[Round "7.23"]
[White "Maze,S"]
[Black "Nezad,H"]
[Result "0-1"]
[WhiteElo "2546"]
[BlackElo "2394"]

1.c4 c6 2.Nf3 d5 3.e3 Nf6 4.Nc3 e6 5.b3 Bd6 6.Bb2 O-O 7.d4 Ne4 8.Qc2 f5 9.O-O-O Nd7
10.h3 Qe7 11.Kb1 b6 12.g4 Bb7 13.Bd3 a5 14.gxf5 exf5 15.Rhg1 Ba3 16.Ba1 Bb4
17.Na4 b5 18.cxb5 cxb5 19.Bxb5 Rfc8 20.Qe2 Bc6 21.Bxc6 Rxc6 22.Ne5 Nxe5 23.dxe5 Rac8
24.f3 Rc2 25.Qxc2 Rxc2 26.Kxc2 Qc7+ 27.Kb1 Nd2+ 28.Rxd2 Bxd2 29.Bd4 f4 30.exf4 Qf7
31.Nc5 Bxf4 32.Kb2 Qf5 33.Re1 Bg3 34.Re2 Qxf3 35.Rc2 Qd1 36.Ne6 Kf7 37.Nd8+ Ke8
38.Nc6 g5 39.a3 Be1 40.e6 Bg3 41.Bc3 Bd6 42.Rd2 Bxa3+ 43.Ka2 Qf3 44.Bxa5 Bc1
45.Rc2 Qd1 46.Nb4 Bd2 47.Rc8+ Ke7 48.Rc6 Bf4 49.Nd3 Bd6 50.Bd8+ Kxd8 51.Rxd6+ Ke7
52.Rxd5 Qc2+ 53.Nb2 h6 54.Re5 Qc3 55.Nc4 Qxh3 56.Ka3 Qc3 57.Re3 Qd4 58.Rh3 Qf6
59.Rd3 Qa1+ 60.Kb4 g4 61.Rd7+ Kxe6 62.Rd6+ Kf5 63.Ne3+ Kg5  0-1

[Event "11th Gibraltar Masters"]
[Site "Caleta ENG"]
[Date "2013.01.29"]
[Round "8.23"]
[White "Gordon,S"]
[Black "Jones,RS"]
[Result "1-0"]
[WhiteElo "2533"]
[BlackElo "2393"]

1.c4 c6 2.Nf3 Nf6 3.Nc3 d5 4.e3 g6 5.d4 Bg7 6.Be2 O-O 7.O-O e6 8.Qc2 Nbd7
9.Rd1 b6 10.e4 dxe4 11.Nxe4 Nxe4 12.Qxe4 Bb7 13.Bf4 Qe7 14.Rd2 Rfe8 15.Rad1 Rad8
16.h3 h6 17.Qe3 Kh7 18.Bc7 Rc8 19.Bh2 Rcd8 20.Bc7 Rc8 21.Bh2 Rcd8 22.c5 e5
23.Nxe5 bxc5 24.dxc5 Bxe5 25.Bxe5 Qxe5 26.Qxe5 Rxe5 27.Rxd7 Rxd7 28.Rxd7 Bc8
29.Rxf7+ Kg8 30.Rc7 Be6 31.Bf3 Rxc5 32.a3 Rc1+ 33.Kh2 Rc2  1-0

[Event "6th Gora Sw Anny OpA"]
[Site "Gora Swietej Anny POL"]
[Date "2013.01.30"]
[Round "6.2"]
[White "Mista,A"]
[Black "Koziak,V"]
[Result "1/2-1/2"]
[WhiteElo "2558"]
[BlackElo "2504"]

1.c4 c6 2.g3 d5 3.Nf3 Nf6 4.Bg2 Bg4 5.Ne5 Bf5 6.cxd5 cxd5 7.Nc3 Nc6 8.Qa4 Bd7
9.Nxd7 Qxd7 10.O-O e6 11.d3 Bc5 12.Rb1 O-O 13.b4 Bd6 14.b5 Ne5 15.Qb3 Rac8
16.Bb2 h5 17.Na4 Qe7 18.Rbc1 h4 19.e4 Rxc1 20.Rxc1 Neg4 21.Qd1 dxe4 22.dxe4 Ba3
23.Qb3 Bxb2 24.Qxb2 Qd6 25.Qc3 hxg3 26.hxg3 Rd8 27.f3 Qd4+ 28.Qxd4 Rxd4 29.Nc5 Ne3
30.Nxb7 Rd2 31.Bh3 g5 32.Rc3 g4 33.Bxg4 Nexg4 34.fxg4 Rxa2 35.Nd6 Nxg4 36.Rc7 Ne5
37.Kf1 Rd2 38.Nc8 Nf3 39.Rc3 Ng5 40.e5 Ra2 41.Nd6 Kg7 42.Ke1 Kg6 43.Kd1 f6
44.exf6 Kxf6 45.Rc7 Ke5 46.Nc8 Ne4 47.Nxa7 Rb2 48.Kc1 Rb3 49.g4 Nd6 50.g5 Nxb5
51.Rc5+ Kf4 52.Nxb5 e5 53.g6 Rg3 54.Rc6 Rg1+ 55.Kd2 Kf5 56.Ke3 Rg3+ 57.Kf2 Rxg6
58.Nd6+ Ke6 59.Nc4+ Kf5 60.Ne3+ Kg5 61.Rc5 Ra6 62.Kf3 Kf6 63.Ng4+ Ke6 64.Nxe5 Kd6
65.Rb5 Ra4 66.Ke3 Rh4 67.Nd3 Ra4 68.Nb4 Ra1 69.Kd4 Rd1+ 70.Nd3 Rd2 71.Rb6+ Ke7
72.Ke4 Rd1 73.Nc5 Rh1 74.Kd4 Rh4+ 75.Ne4 Rh5 76.Nf6 Rh1 77.Ke5 Re1+ 78.Ne4 Kd7
79.Rd6+ Kc7 80.Rd2 Kc6 81.Rc2+ Kd7 82.Rc3 Re2 83.Kd5 Re1 84.Nf2 Rf1 85.Nd3 Rd1
86.Ke5 Rh1 87.Nc5+ Ke7 88.Ne4 Rh5+ 89.Kf4 Ra5 90.Rc6 Rb5 91.Nc3 Ra5 92.Rh6 Rc5
93.Ne2 Ra5 94.Nd4 Kd7 95.Ke4 Rc5 96.Ra6 Rh5 97.Nf3 Rh1 98.Ne5+ Ke7 99.Ng6+ Kd7
100.Ne5+  1/2-1/2

[Event "11th Gibraltar Masters"]
[Site "Caleta ENG"]
[Date "2013.01.31"]
[Round "10.9"]
[White "Gordon,S"]
[Black "Fridman,D"]
[Result "0-1"]
[WhiteElo "2533"]
[BlackElo "2667"]

1.c4 c6 2.Nf3 d5 3.e3 Nf6 4.Nc3 e6 5.b3 Bd6 6.Bb2 O-O 7.h3 Nbd7 8.Qc2 Qe7
9.g4 Ba3 10.Bxa3 Qxa3 11.Bg2 Rb8 12.Nd4 Nb6 13.Rc1 Rd8 14.f4 Qb4 15.c5 Nbd7
16.Nce2 e5 17.fxe5 Nxe5 18.O-O b6 19.cxb6 axb6 20.Rxf6 gxf6 21.Nf4 c5 22.a3 Qxa3
23.Nb5 Qa5 24.Nc7 Bb7 25.Nh5 Rd6 26.Rf1 Nd7 27.Qf5 Qb4 28.d4 cxd4 29.Qf4 Kh8
30.Nb5 Qxb5 31.Qxd6 dxe3 32.Nxf6 Qc5 33.Qxc5 Nxc5 34.Nxd5 Re8 35.Re1 Bxd5
36.Bxd5 Nd3 37.Bxf7 Re7 38.Re2 Nf4 39.Bc4 Nxe2+ 40.Bxe2 Rf7  0-1

[Event "11th Gibraltar Masters"]
[Site "Caleta ENG"]
[Date "2013.01.31"]
[Round "10.50"]
[White "Sanchez Botella,L"]
[Black "Jones,RS"]
[Result "0-1"]
[WhiteElo "2196"]
[BlackElo "2393"]

1.c4 c6 2.Nf3 Nf6 3.Nc3 d5 4.d4 dxc4 5.a4 Bf5 6.e3 e6 7.Bxc4 Bb4 8.O-O O-O
9.Nh4 Nbd7 10.Nxf5 exf5 11.Qc2 g6 12.f3 a5 13.Kh1 Kg7 14.Bb3 Qb6 15.Na2 Bd6
16.Bd2 Rac8 17.Bc4 Qc7 18.g3 b5 19.Bd3 Qb6 20.axb5 cxb5 21.Qd1 b4 22.Nc1 Ra8
23.Ne2 Rfe8 24.Qb3 Qb7 25.Nf4 Nb6 26.Bb5 Re7 27.Rac1 Rc8 28.Rxc8 Nxc8 29.Qd3 Nb6
30.Kg2 Rc7 31.Rc1 Rxc1 32.Bxc1 a4 33.Ne2 Qa8 34.Qc2 a3 35.bxa3 bxa3 36.Nc3 Nbd5
37.Na2 h5 38.Qa4 Qb7 39.Qb3 h4 40.Bc4 Nb6 41.Be2 hxg3 42.hxg3 Qa7 43.Nc3 Qa5
44.Kf2 a2 45.Bb2 a1=Q 46.Bxa1 Qxa1 47.Qxb6 Bxg3+ 48.Kxg3 Qg1+ 49.Kh3 f4 50.exf4 Nh5
51.Ne4 Qh1+ 52.Kg4 f5+ 53.Kg5 Qg2+ 54.Kh4 Qh2+ 55.Kg5 Qxf4+  0-1

[Event "11th Gibraltar Masters"]
[Site "Caleta ENG"]
[Date "2013.01.31"]
[Round "10.5"]
[White "Le Quang Liem"]
[Black "Sandipan,C"]
[Result "0-1"]
[WhiteElo "2705"]
[BlackElo "2590"]

1.c4 c6 2.Nf3 d5 3.d4 Nf6 4.e3 Bf5 5.Nc3 e6 6.Nh4 Be4 7.f3 Bg6 8.Qb3 Qc7
9.Bd2 Nbd7 10.Rc1 Be7 11.g3 Nh5 12.cxd5 Bxh4 13.gxh4 exd5 14.Kd1 O-O 15.Be1 Rfe8
16.Bf2 Qd6 17.Nb1 c5 18.Nd2 cxd4 19.exd4 Nb6 20.Rc3 Re7 21.Qa3 Qf6 22.Qb4 Nf4
23.a4 Rd8 24.b3 a6 25.Rg1 Rde8 26.Rg5 Nd7 27.Kc1 h6 28.Rg1 Ne2+ 29.Bxe2 Rxe2
30.Qxb7 Rxf2 31.Qxd7 Ree2 32.Rd1 Qxd4 33.Qc8+ Kh7 34.Qc5 Qxd2+ 35.Rxd2 Rxd2
36.h5 Bf5 37.Qe3 Ra2  0-1

[Event "Bundesliga 2012-13"]
[Site "Solingen GER"]
[Date "2013.02.02"]
[Round "7"]
[White "Kempinski,R"]
[Black "Ragger,M"]
[Result "0-1"]
[WhiteElo "2602"]
[BlackElo "2655"]

1.c4 c6 2.e4 d5 3.exd5 cxd5 4.d4 Nf6 5.Nc3 Nc6 6.Bg5 dxc4 7.Bxc4 h6 8.Be3 e6
9.Nf3 Bd6 10.O-O O-O 11.Rc1 b6 12.a3 Bb7 13.Re1 Rc8 14.Ba2 Ne7 15.Ne5 Nf5
16.Qe2 Bb8 17.Red1 Nd5 18.Nxd5 Rxc1 19.Rxc1 Bxd5 20.Bxd5 Bxe5 21.dxe5 Qxd5
22.Bd2 Nd4 23.Qe3 Nb3 24.Rc2 Rd8 25.Be1 Qd1 26.Rc3 Rd2 27.Kf1 Rxb2 28.Rc8+ Kh7
29.Rc7 Qd5 30.h3 Nd2+ 31.Bxd2 Rxd2 32.Kg1 Rd1+ 33.Kh2 Rd3 34.Qf4 Rxa3 35.Rxf7 Ra5
36.Qg4 Qxe5+ 37.f4 h5 38.Qd1 Qe4 39.Qd7 Qg6 40.Re7 h4 41.Qd1 Ra2 42.Qf3 a5  0-1

[Event "Bundesliga 2012-13"]
[Site "Emsdetten GER"]
[Date "2013.02.03"]
[Round "8"]
[White "Wagner,De"]
[Black "Zumsande,M"]
[Result "1/2-1/2"]
[WhiteElo "2456"]
[BlackElo "2418"]

1.c4 c6 2.Nf3 d5 3.g3 Nf6 4.Bg2 g6 5.b3 Bg7 6.Bb2 O-O 7.O-O Bg4 8.h3 Bxf3
9.Bxf3 Nbd7 10.d4 Re8 11.cxd5 cxd5 12.Nc3 e6 13.Bg2 Rc8 14.Qd3 a6 15.Rfc1 Nb6
16.Rc2 Re7 17.Bc1 Rec7 18.Bf4 Rc6 19.Rac1 Nh5 20.Bd2 f5 21.a4 Nf6 22.Na2 Rxc2
23.Rxc2 Ne4 24.e3 Rxc2 25.Qxc2 Nxd2 26.Qxd2 Qc7 27.Qc1 Na8 28.Kf1 Kf7 29.Qxc7+ Nxc7
30.Ke2 a5 31.Kd3 Bf8 32.Nc3  1/2-1/2

[Event "Bundesliga 2012-13"]
[Site "Solingen GER"]
[Date "2013.02.03"]
[Round "8"]
[White "Ftacnik,L"]
[Black "Rustemov,A"]
[Result "1-0"]
[WhiteElo "2547"]
[BlackElo "2544"]

1.c4 c6 2.Nf3 d5 3.e3 Nf6 4.Nc3 g6 5.d4 Bg7 6.Be2 O-O 7.O-O a6 8.a4 Bg4 9.Qb3 b6
10.h3 dxc4 11.Qa2 Be6 12.Ng5 Bd5 13.e4 h6 14.exd5 hxg5 15.dxc6 Nxc6 16.Bxg5 Nxd4
17.Bxc4 b5 18.axb5 axb5 19.Bxf7+ Kh7 20.Qxa8 Qxa8 21.Rxa8 Rxa8 22.Re1 b4
23.Ne2 Ne4 24.Bxe7 Ra7 25.Nxd4 Rxe7 26.Ne6 Rxf7 27.Rxe4 Bf6 28.Rxb4 Ra7 29.g3 Ra2
30.b3 g5 31.Kg2 Kg6 32.Nc5 Be7 33.Rb6+ Kf5 34.g4+ Kf4 35.Nd3+ Ke4 36.Re6+  1-0

[Event "Bundesliga 2012-13"]
[Site "Solingen GER"]
[Date "2013.02.03"]
[Round "8"]
[White "Kahlert,T"]
[Black "Andersen,Mad"]
[Result "1/2-1/2"]
[WhiteElo "2230"]
[BlackElo "2461"]

1.c4 c6 2.e4 d5 3.exd5 cxd5 4.cxd5 Nf6 5.Nc3 Nxd5 6.Nf3 e6 7.d4 Bb4 8.Qc2 O-O
9.Bd3 h6 10.O-O Nc6 11.Rd1 Be7 12.Qe2 Nf6 13.a3 Re8 14.Be3 b6 15.Ne5 Bb7
16.Bb5 Rc8 17.Rac1 Rc7 18.Bf4 Bd6 19.Bg3 Qe7 20.Nxc6 Bxc6 21.Bxc6 Rxc6 22.Nd5 Qd7
23.Nxf6+ gxf6 24.Qg4+  1/2-1/2

[Event "ch-HUN U20 g 2013"]
[Site "Budapest HUN"]
[Date "2013.02.05"]
[Round "3.5"]
[White "Varga,Kl"]
[Black "Terbe,Z"]
[Result "0-1"]
[WhiteElo "2207"]
[BlackElo "1808"]

1.c4 c6 2.Nf3 Nf6 3.g3 g6 4.Bg2 Bg7 5.O-O O-O 6.d4 d5 7.Nbd2 Nbd7 8.Qc2 Re8
9.Re1 e5 10.dxe5 Nxe5 11.Nxe5 Rxe5 12.cxd5 Nxd5 13.Nc4 Re7 14.e4 Nb6 15.Bg5 f6
16.Rad1 Rd7 17.Nxb6 Qxb6 18.Be3 Qc7 19.Qc4+ Kh8 20.h4 h5 21.Bf4 Rxd1 22.Bxc7 Rxe1+
23.Kh2 Rd1 24.Ba5 Kh7 25.Bf3 Rd7 26.Bc3 Re7 27.Qc5 Rf7 28.Be2 Be6 29.f4 Re8
30.f5 Bxf5 31.exf5 Rxe2+ 32.Kh3 g5 33.hxg5 fxg5 34.f6 g4+ 35.Kh4 Bxf6+ 36.Kxh5 Bxc3
37.Qxc3 Re4 38.Qd3 Rf5+ 39.Kh4 Rfe5 40.Qd7+ Kg6 41.Qd6+ Re6 42.Qf8 Re7  0-1

[Event "ch-HUN U20 g 2013"]
[Site "Budapest HUN"]
[Date "2013.02.07"]
[Round "5.1"]
[White "Simon,Lil"]
[Black "Horvath,Il"]
[Result "1/2-1/2"]
[WhiteElo "1904"]
[BlackElo "1874"]

1.c4 c6 2.g3 d5 3.Nf3 Nf6 4.Bg2 Bf5 5.cxd5 cxd5 6.Qb3 Qc7 7.Nc3 e6 8.O-O Be7
9.d3 a6 10.Bf4 Qc8 11.Na4 Bd8 12.Rac1 Nc6 13.Ne5 O-O 14.Nxc6 bxc6 15.Qc3 Bc7
16.Bxc7 Qxc7 17.Qxc6 Qxc6 18.Rxc6 g6 19.Rfc1 Kg7 20.b3 g5 21.Rc7 Ne8 22.Rc8 Nd6
23.Rxa8 Rxa8 24.Nb6 Rb8 25.Nd7 Rb7 26.Ne5 f6 27.Nf3 Nb5 28.h4 g4 29.Ne1 Bg6
30.e4 d4 31.Rc6 Nc7 32.f3 h5 33.fxg4 hxg4 34.Rd6 e5 35.Rd7+ Kf8 36.Rd6 Ke7
37.Rc6 Be8 38.Rc1 Nb5 39.Bf1 Nc3 40.Ra1 Ke6 41.Nc2 Bg6 42.b4 f5 43.exf5+ Bxf5
44.a3 Rc7 45.Re1 Kd6 46.Na1 Na4 47.Nb3 Rc3 48.Na5 Bxd3 49.Bxd3 Rxd3 50.Nc4+ Kd5
51.Nxe5 Rxg3+ 52.Kf2 Rxa3 53.Nxg4 Kc4 54.h5 Rh3 55.h6 Kxb4 56.Kg2 Rh4 57.Kg3 Rh5
58.Re5 Rh1 59.Kg2  1/2-1/2

[Event "ch-HUN U20 g 2013"]
[Site "Budapest HUN"]
[Date "2013.02.07"]
[Round "6.5"]
[White "Simon,Lil"]
[Black "Terbe,J"]
[Result "1/2-1/2"]
[WhiteElo "1904"]
[BlackElo "1933"]

1.c4 c6 2.g3 d5 3.Nf3 Nf6 4.Bg2 Bf5 5.cxd5 cxd5 6.Qb3 Qc8 7.O-O e6 8.d3 h6
9.Bf4 Nc6 10.Nc3 a6 11.Rac1 Nd7 12.Bd2 Be7 13.a3 O-O 14.Qa2 Qd8 15.b4 Nde5
16.Nxe5 Nxe5 17.Na4 Nd7 18.Qb2 Bd6 19.Nc5 Rb8 20.Be3 Qe7 21.Nxd7 Qxd7 22.Bc5 Rfc8
23.Bxd6 Qxd6 24.Rc3 Rc6 25.e4 Rxc3 26.Qxc3 dxe4 27.dxe4 Bg6 28.e5 Qd7 29.Rc1 Rd8
30.h4 b5 31.Qc6 Qd2 32.Qc3 Qd7 33.Qc5 Qd3 34.Qc3 Qd7 35.Qc5  1/2-1/2

[Event "Chess Classic ELO Open 2013"]
[Site "Baden-Baden GER"]
[Date "2013.02.09"]
[Round "3.6"]
[White "Tereick,B"]
[Black "Fichter,F"]
[Result "1-0"]
[WhiteElo "2382"]
[BlackElo "2071"]

1.c4 c6 2.Nf3 d5 3.e3 Nf6 4.d4 e6 5.b3 Nbd7 6.Bb2 b6 7.Bd3 Bb7 8.O-O Be7
9.Nbd2 O-O 10.Ne5 Nxe5 11.dxe5 Nd7 12.Qg4 Re8 13.Qh3 g6 14.Rad1 f5 15.e4 Nc5
16.Bc2 Qc8 17.exf5 exf5 18.Qg3 Kf7 19.Nf3 Ne6 20.Bd3 Rd8 21.cxd5 cxd5 22.Rc1 Qd7
23.Nd4 Rac8 24.Qh3 Ng5 25.Qh6 Rxc1 26.Rxc1 Rc8 27.e6+ Nxe6 28.Qxh7+ Kf8 29.Re1 Nxd4
30.Bxd4 Rc7 31.Qg7+ Ke8 32.Qg8+  1-0

[Event "Novy Bor Open A 2013"]
[Site "Novy Bor CZE"]
[Date "2013.02.09"]
[Round "1"]
[White "Vetter,U"]
[Black "Svobodova,M"]
[Result "0-1"]
[WhiteElo "1722"]
[BlackElo "2051"]

1.c4 c6 2.d4 d5 3.cxd5 cxd5 4.Nf3 Nf6 5.Nc3 Nc6 6.g3 Bg4 7.Bg2 Bxf3 8.Bxf3 e6
9.Bf4 Be7 10.O-O O-O 11.Rc1 Rc8 12.a3 Na5 13.b4 Nc4 14.Qb3 Bd6 15.Bxd6 Nd2
16.Qb2 Nxf3+ 17.exf3 Qxd6 18.Kg2 Rc4 19.Rfe1 Rfc8 20.Ne2 h6 21.Rc3 Qa6 22.Rec1 Ne8
23.Rxc4 Rxc4 24.Qb3 Nd6 25.a4 Kf8 26.Rc3 Rxc3 27.Nxc3 Qd3 28.b5 Nf5 29.Qb4+ Kg8
30.Qc5 Nxd4 31.Na2 Qxf3+ 32.Kg1 Ne2+ 33.Kf1 d4 34.Nb4 Nc3 35.Kg1 Ne2+ 36.Kf1 d3
37.Ke1 Nc3 38.Kd2 Ne4+  0-1

[Event "TCh-LTU 2013"]
[Site "Taujenai LTU"]
[Date "2013.02.09"]
[Round "3.1"]
[White "Zagorskis,D"]
[Black "Starostits,I"]
[Result "1/2-1/2"]
[WhiteElo "2493"]
[BlackElo "2477"]

1.c4 c6 2.Nf3 d5 3.e3 Nf6 4.d4 Bf5 5.Nc3 e6 6.Nh4 Bg4 7.Qb3 Qb6 8.h3 Bh5
9.g4 Bg6 10.g5 Nfd7 11.Nxg6 hxg6 12.Bd2 Be7 13.f4 dxc4 14.Bxc4 Na6 15.Qxb6 axb6
16.a4 Nb4 17.Kf2 O-O-O 18.Rad1 Nb8 19.Bc1 N8a6 20.h4 Nc7 21.Kg3 Ne8 22.Bb3 Nd6
23.e4 c5 24.Kf3 c4 25.Ba2 Nxa2 26.Nxa2 f5 27.gxf6 gxf6 28.Be3 f5 29.e5 Ne4
30.Rc1 Bxh4 31.Rxc4+ Kb8 32.Nc3 Nxc3 33.bxc3 Be7 34.Rb1 Rh2 35.Bg1 Rh3+ 36.Kg2 Rh4
37.Rxb6 Rg4+ 38.Kf1 Rh8 39.Rxe6 Rh1 40.Rxe7 Rhxg1+ 41.Kf2 R1g2+ 42.Kf1 Rg1+  1/2-1/2

[Event "TCh-LTU 2013"]
[Site "Taujenai LTU"]
[Date "2013.02.09"]
[Round "4.2"]
[White "Mikenas,Laimutis"]
[Black "Laurusas,T"]
[Result "0-1"]
[WhiteElo "1970"]
[BlackElo "2413"]

1.c4 c6 2.Nc3 d5 3.e3 Nf6 4.d4 g6 5.Nf3 Bg7 6.Bd2 O-O 7.Be2 dxc4 8.Bxc4 Bg4
9.O-O Nbd7 10.Be2 Re8 11.h3 Bxf3 12.Bxf3 e5 13.dxe5 Nxe5 14.Ne2 Nxf3+ 15.gxf3 Nd5
16.e4 Nb6 17.Bc3 Qg5+ 18.Ng3 Bxc3 19.bxc3 Nc4 20.Qe2 b5 21.Rfd1 Qf6 22.Rac1 Rad8
23.Rxd8 Rxd8 24.Rc2 Ne5 25.Kg2 Rd3 26.Nf1 Rxf3 27.c4 Nd3 28.e5 Qf4 29.e6 Rxf2+
30.Qxf2 Nxf2 31.exf7+ Qxf7 32.Rxf2 Qxc4 33.Nd2 Qxa2 34.Ne4 Qd5 35.Rf4 g5
36.Rg4 a5 37.Rxg5+ Qxg5+ 38.Nxg5 a4 39.Ne4 a3 40.Nc5 a2 41.Nb3 c5 42.Kf3 c4
43.Na1 b4  0-1

[Event "TCh-LTU 2013"]
[Site "Taujenai LTU"]
[Date "2013.02.09"]
[Round "4.1"]
[White "Malisauskas,V"]
[Black "Vaznonis,V"]
[Result "1-0"]
[WhiteElo "2450"]
[BlackElo "2394"]

1.c4 c6 2.e4 d5 3.exd5 cxd5 4.d4 Nf6 5.Nc3 e6 6.Nf3 Be7 7.Bg5 O-O 8.Rc1 Nc6
9.c5 Ne4 10.Bxe7 Qxe7 11.Bb5 Nxc3 12.Rxc3 e5 13.dxe5 Nxe5 14.Nxe5 Qxe5+ 15.Qe2 Qg5
16.O-O d4 17.Rcc1 Be6 18.b4 Bd5 19.f4 Qf6 20.a3 Bc6 21.Bxc6 bxc6 22.Qe5 Rfe8
23.Qxf6 gxf6 24.Rfe1 Re6 25.Rcd1 Rd8 26.Kf2 f5 27.Rxe6 fxe6 28.Ke2 Kf7 29.Kd3 Kf6
30.Kc4 e5 31.fxe5+ Kxe5 32.Re1+ Kf6 33.b5 cxb5+ 34.Kxb5 Rb8+ 35.Kc4 Rb2 36.c6 Rc2+
37.Kd5 d3 38.Kd6 Rxg2 39.Rd1 Rxh2 40.c7 Rc2 41.Rxd3 Kg5 42.Rd5 Rxc7 43.Kxc7 Kg4
44.Kb7 f4 45.Kxa7 f3 46.a4 f2 47.Rd1 Kf3 48.a5 Ke2 49.Ra1  1-0

[Event "TCh-LTU 2013"]
[Site "Taujenai LTU"]
[Date "2013.02.10"]
[Round "5.4"]
[White "Burstein,R"]
[Black "Babrauskas,Darius"]
[Result "1-0"]
[WhiteElo "2308"]
[BlackElo "2083"]

1.c4 c6 2.Nf3 Nf6 3.g3 d5 4.b3 Bf5 5.Bg2 e6 6.O-O Be7 7.d3 h6 8.Bb2 Nbd7
9.Nbd2 O-O 10.Re1 Bg6 11.Rc1 a5 12.cxd5 exd5 13.e4 Nc5 14.Ne5 Bh7 15.exd5 Nxd5
16.Ndc4 Nb4 17.Qg4 f6 18.Ng6 Bxg6 19.Qxg6 Nbxd3 20.Rcd1 Qe8 21.Qf5 Nxe1 22.Rxe1 Qf7
23.Ba3 Rfe8 24.Bxc5 Bxc5 25.Rxe8+ Rxe8 26.Qxc5 Re1+ 27.Bf1 a4 28.bxa4 Ra1
29.Ne3 Qe6 30.Qb4 Qxa2 31.Kg2 Qb1 32.Bc4+ Kh8 33.Qf8+ Kh7 34.Bg8+  1-0

[Event "17th Lienz Open 2013"]
[Site "Lienz AUT"]
[Date "2013.02.11"]
[Round "4.3"]
[White "Diermair,A"]
[Black "Hartl,D"]
[Result "1-0"]
[WhiteElo "2407"]
[BlackElo "2275"]

1.c4 c6 2.Nf3 d5 3.e3 Nf6 4.Nc3 e6 5.b3 Nbd7 6.Bb2 Be7 7.Qc2 O-O 8.Rg1 e5
9.Be2 a6 10.g4 e4 11.Nd4 Ne5 12.g5 Ne8 13.cxd5 cxd5 14.h4 b5 15.Nxe4 Ng6
16.h5 dxe4 17.Qxe4 Qc7 18.hxg6 Bb7 19.gxh7+ Kh8 20.Qg4 Bb4 21.a3 Bc5 22.Rc1 Qb6
23.b4 Bd6 24.Nf5 Bh2 25.Rf1 Bc8 26.Qd4 Qg6 27.Ne7 Qe6 28.Nxc8 Rxc8 29.Rxc8 Qxc8
30.Bg4 Qb7 31.Ke2 f6 32.Bf3 Qe7 33.Qe4 Qf7 34.Rh1 Be5 35.Bh5 Qd7 36.d4 Bb8
37.d5 fxg5 38.Bxe8 Rxe8 39.Bxg7+ Kxg7 40.h8=Q+ Rxh8 41.Qd4+ Kg6 42.Rxh8  1-0

[Event "77th ch-BUL SF 2013"]
[Site "Plovdiv BUL"]
[Date "2013.02.11"]
[Round "1.6"]
[White "Dimitrov,R"]
[Black "Nikolov,J"]
[Result "1-0"]
[WhiteElo "2403"]
[BlackElo "2092"]

1.c4 c6 2.Nc3 d5 3.e3 Nf6 4.Nf3 e6 5.b3 Nbd7 6.Bb2 Be7 7.d4 O-O 8.Bd3 b6
9.O-O Bb7 10.Qe2 c5 11.cxd5 exd5 12.Ne5 Rc8 13.Rac1 Re8 14.Bb5 cxd4 15.exd4 Bd6
16.f4 Re7 17.Qf3 Nf8 18.Bd3 a6 19.Bf5 Ne6 20.Qh3 g6 21.Bg4 Nxg4 22.Nxg4 Rec7
23.f5 Ng5 24.Qd3 Qe7 25.Qd2 Ne4 26.Nxe4 dxe4 27.Rxc7 Qxc7 28.fxg6 fxg6 29.d5  1-0

[Event "Aeroflot Open Rapid Qualifier 2013"]
[Site "Moscow RUS"]
[Date "2013.02.12"]
[Round "2.9"]
[White "Harika,D"]
[Black "Eljanov,P"]
[Result "0-1"]
[WhiteElo "2514"]
[BlackElo "2678"]

1.c4 c6 2.Nf3 d5 3.g3 Bg4 4.Bg2 e6 5.O-O Nf6 6.cxd5 Bxf3 7.Bxf3 cxd5 8.Nc3 Nc6
9.d3 Be7 10.Qa4 O-O 11.Bf4 a6 12.Rac1 Qd7 13.Bg2 h6 14.e4 d4 15.e5 dxc3 16.exf6 Bxf6
17.Bxc6 bxc6 18.bxc3 Qxd3 19.Qxc6 Rfc8 20.Qb7 Qb5 21.Qf3 Qc6 22.Qe2 Qc4 23.Qf3 Qxa2
24.c4 a5 25.c5 a4 26.Rfd1 Qb2 27.Bd2 Qb3 28.Rc3 Bxc3 29.Bxc3 Rd8 30.Rc1 Qd5
31.Qe3 a3 32.h4 a2 33.Kh2 Ra3 34.Qe1 Rb3 35.Ba1 Rc8 36.Qa5 Rb1 37.Qc3 e5  0-1

[Event "17th Lienz Open 2013"]
[Site "Lienz AUT"]
[Date "2013.02.13"]
[Round "6.9"]
[White "Borsos,B"]
[Black "Egartner,W"]
[Result "1-0"]
[WhiteElo "2260"]
[BlackElo "2112"]

1.c4 c6 2.Nf3 d5 3.g3 e6 4.Bg2 Nd7 5.O-O dxc4 6.Qc2 Nb6 7.a4 Nf6 8.a5 Nbd5
9.Qxc4 Be7 10.Ne5 Qc7 11.d4 Nd7 12.Nd3 O-O 13.e4 b5 14.Qb3 N5f6 15.Bf4 Qb7
16.Rc1 Nb8 17.Nd2 Rd8 18.Qc3 b4 19.Qc4 Qd7 20.Nb3 Ba6 21.Qc2 Bxd3 22.Qxd3 c5
23.Nxc5 Qxd4 24.Qxd4 Rxd4 25.e5 Nd5 26.Nb3 Rd3 27.Rc8+ Bf8 28.Nc5 Rd4 29.Rc1  1-0

[Event "Novy Bor Open A 2013"]
[Site "Novy Bor CZE"]
[Date "2013.02.13"]
[Round "5"]
[White "Wasik,Joz"]
[Black "Svobodova,M"]
[Result "1/2-1/2"]
[WhiteElo "1828"]
[BlackElo "2051"]

1.c4 c6 2.e4 a5 3.Nc3 e5 4.Nf3 Nf6 5.Be2 Bb4 6.Qc2 O-O 7.O-O d5 8.cxd5 cxd5
9.exd5 Nxd5 10.Ng5 g6 11.Nxf7 Nc6 12.Nh6+ Kg7 13.Nxd5 Nd4 14.Qe4 Nxe2+ 15.Qxe2 Qxd5
16.Ng4 Bxg4 17.Qxg4 Rf4 18.Qh3 Rd4 19.d3 Rxd3 20.Bh6+ Kg8 21.g3 Bd2 22.Bxd2 Rxd2
23.Rac1 Rd8 24.Rc7 Rd7 25.Rxd7  1/2-1/2

[Event "ch-CHI Final 2013"]
[Site "Iquique CHI"]
[Date "2013.02.14"]
[Round "2.2"]
[White "Henriquez Villagra,C"]
[Black "Perez Gormaz,M"]
[Result "0-1"]
[WhiteElo "2306"]
[BlackElo "2317"]

1.c4 c6 2.e4 d5 3.exd5 cxd5 4.d4 dxc4 5.Bxc4 Qc7 6.Bb3 Bg4 7.f3 Bd7 8.Nc3 Nf6
9.Nge2 e6 10.Bf4 Bd6 11.Qd2 O-O 12.O-O Bc6 13.Rfd1 Rd8 14.Qe3 Nbd7 15.Rac1 Nb6
16.Be5 Qe7 17.Nf4 Rd7 18.a4 Bb4 19.Ra1 Rad8 20.Nxe6 fxe6 21.Bxf6 gxf6 22.Qxe6+ Kh8
23.Qg4 Qe3+ 24.Kh1 Rg7 25.Qf5 Qg5 26.Qxg5 Rxg5 27.Rd3 Bxc3 28.bxc3 Bxa4 29.Rxa4 Nxa4
30.Bxa4 Ra5 31.Bd1 Ra1 32.Kg1 a5 33.Kf2 a4 34.c4 a3 35.Kg3 Ra8 36.Rd2 Rb1  0-1